| 000 | 00730nam a2200229 a 4500 | ||
|---|---|---|---|
| 005 | 20210223124805.0 | ||
| 008 | 021113s2000 mx r 000 0 spa d | ||
| 020 | _a968752961X | ||
| 035 | _aUPN01000120999 | ||
| 049 | _aCG | ||
| 050 | 4 |
_aHF5657.4 _bW3.28 2000 |
|
| 100 | 1 | _aWarren, Carl S. | |
| 245 | 1 | 0 |
_aContabilidad administrativa / _cCarl S. Warren, James M. Reeve, Philip E. Fess ; tr. Guadalupe Meza Staines. |
| 250 | _a6a ed. | ||
| 260 |
_aMéxico : _bThomson Learning, _cc2000 |
||
| 300 |
_a1 v. (en varias paginaciones) : _bil. |
||
| 440 | 0 | _aSoluciones empresariales | |
| 650 | 4 |
_aCONTABILIDAD ADMINISTRATIVA _99186 |
|
| 700 | 1 |
_aReeve, James M., _ecoaut. |
|
| 700 | 1 |
_aFess, Philip E., _ecoaut. |
|
| 905 | _aLibro | ||
| 999 |
_c93315 _d93315 |
||